000
00343nam a2200157 4500
001
46018
090
_a
46018
100
_a
20260421 pory50
101
_a
por
102
_a
PT
200
_a
Rafael
_f
Manuel alegre
210
_a
Lisboa
_c
Publicações dom Quixote
_d
2004
215
_a
253 p.
675
_a
82-31
801
_a
PT
_g
RPC
990
_c
LIVROS